Pays traversés par le méridien de Greenwich en mort subite - Statistiques

Statistiques générales
  • Ce quiz a été pris 42 fois
  • Le résultat moyen est 4 sur 8
Answers on the Grid
Answers color-coded by a green-red scale on the quiz's grid according to % correct below.
Algérie
Belgique
Burkina Faso
Côte d'Ivoire
Danemark (Groenland)
Espagne
France
Ghana
Guinée Equatoriale
Irlande
Islande
Mali
Maroc
Norvège
Portugal
République du Congo
Royaume Uni
Sao Tomé-et-Principe
Togo
Tunisie
 
Statistiques - réponses
Réponse % Correct
Sur 1555 km Algérie
81%
Sur 735 km de Villers sur Mer à Gavarnie France
72%
Sur 336 km Espagne
63%
Par définition ! (sur 319 km) Royaume Uni
63%
Sur 760 km Mali
50%
Sur 430 km Burkina Faso
38%
Sur 569 km Ghana
31%
Sur 39 petits km ! Togo
13%
Aucun quiz correspondant
Distribution des résultats
% des personnes avec chaque résultat
Percentile par nombre de réponses
Votre historique - résultats
Vous n’avez pas pris ce quiz